| Tag |
First Indicator |
Second Indicator |
Subfields |
| LEADER |
00000cam a2200000 a 4500 |
| 001 |
in00000078047 |
| 005 |
20151008055123.0 |
| 008 |
751031s1959 txu 00010 engm |
| 010 |
|
|
|a 59053152
|
| 035 |
|
|
|a (OCoLC)01749598
|
| 035 |
|
|
|9 AAJ2604AM
|
| 040 |
|
|
|a DLC
|c IVD
|d m.c.
|d TXA
|d UtOrBLW
|
| 043 |
|
|
|a n-us---
|
| 049 |
|
|
|a TXAM
|c [1442463]
|
| 050 |
0 |
0 |
|a JC421
|b .S85
|
| 082 |
0 |
|
|a 321.8
|
| 090 |
|
|
|a JC421
|b .S85 1961
|
| 100 |
1 |
|
|a Sumners, Hatton William,
|d 1875-
|
| 245 |
1 |
4 |
|a The private citizen and his democracy /
|c by Hatton W. Sumners.
|
| 264 |
|
2 |
|a Dallas, Tex. :
|b Hatton W. Sumners Foundation [distributor],
|c 1959
|
| 264 |
|
3 |
|c 1961 printing
|
| 300 |
|
|
|a 118 pages ;
|c 24 cm.
|
| 336 |
|
|
|a text
|b txt
|2 rdacontent
|
| 337 |
|
|
|a unmediated
|b n
|2 rdamedia
|
| 338 |
|
|
|a volume
|b nc
|2 rdacarrier
|
| 650 |
|
0 |
|a Democracy
|x History.
|
| 651 |
|
0 |
|a United States
|x Politics and government.
|
| 999 |
|
|
|a MARS
|
| 999 |
f |
f |
|s 3afdd074-e54e-3731-8b0d-eb8bc1d36ae1
|i 0254a375-557c-35c2-9f54-f82e5c526624
|t 0
|
| 952 |
f |
f |
|p ric
|a Texas A&M University
|b Rellis Campus
|c Joint Library Facility
|d Remote Storage
|t 0
|e JC421 .S85 1961
|h Library of Congress classification
|i unmediated -- volume
|m A14806149710
|
| 998 |
f |
f |
|a JC421 .S85 1961
|t 0
|l Remote Storage
|